| 000 | 00618 a2200169 4500 | ||
|---|---|---|---|
| 003 | Nust | ||
| 005 | 20230522090247.0 | ||
| 040 | _cNust | ||
| 082 | _a004,HUS | ||
| 100 |
_aHussey,Michael _9112471 |
||
| 245 |
_aAutomatic Comouting : _bTechnology Foundation course 12 / _cMichael hussey |
||
| 260 |
_aUk _bThe Open University Press _c1972 |
||
| 300 | _a48:p | ||
| 505 | _aIntroduction to the Units on Automatic Computers (Page-4), Introduction (Page-7), The Role of the Automation (Page-8), The Role of Intelligence (Page-11), Man and Machine (Page-29). | ||
| 650 |
_aAutomatic Comouting _9112472 |
||
| 942 |
_2ddc _cBKB |
||
| 999 |
_c179541 _d179541 |
||